000 00622nam a2200145Ia 4500
008 100204s9999 xx 000 0 und d
082 _b13287
100 _aगोडबोले अरुण
245 _aश्री मनाचे श्लोक - एक मागोवा भाग - 1
260 _b"कोशिक प्रकाशन , सातारा"
_c1990
300 _a134
630 _aश्री मनाचे श्लोक - एक मागोवा भाग - 1
730 _aश्री मनाचे श्लोक - एक मागोवा भाग - 1
942 _cBOOK
999 _c457719
_d457716